| 000 | 00595nam a2200181Ia 4500 | ||
|---|---|---|---|
| 003 | GCL | ||
| 008 | 140319s9999 xx 000 0 ara d | ||
| 040 |
_aGCL / _cGCL |
||
| 082 | 0 | 4 |
_a320.5 _bع ا |
| 100 | 1 | _aعبدالوهاب محمد المسيرى | |
| 245 | 1 | 0 |
_aاسرار العقل الصهيونى / _cعبدالوهاب محمد المسيرى |
| 300 | _a194 ص | ||
| 490 |
_aالهيئة العامة للاستعلامات _v0 |
||
| 650 | 0 | 4 | _aالسياسة |
| 650 | 0 | 4 | _aالصراع العربى الاسرائيلى |
| 650 | 0 | 4 | _aالعقل الصهيونى |
| 942 |
_2ddc _cBK |
||
| 999 |
_c48511 _d48511 |
||